1710 1775 1760 1184 1889 1563 1067 1052 1236 1428 1193 1569 1976 1365 1328 1245 1909 1710 1378 1682 1372 1746 1312 1974 1831 1102 1526 1450 1514 1062 1131 1881 1327 1707 1485 1973 1634 1296 1518 1495 1671 1373 1269 1698 1637 1626 1068 1808 1097 1101 1904 1439 1794 1483 1005 1660 1576 1874 1856 1629 1332 1261 1762 1797 1583 1441 1974 1024 1616 1078 1486 1297 1772 1908 1742 1119 1792 1474 1449 1413 1169 1519 1735 1909 1051 1973 1726 1599 1440 1123 1044 1256 1623 1390 1000 1103 1658 1312 1166 BCNSPRNW ULIB Ver.6.0+V

เปลี่ยนเป็นภาษาไทย

Change to English
 แสดงรายละเอียดบรรณานุกรม
  กลับหน้าหลัก

Brief Record : Get Marc (ISO 2709) : E-mail record : QR code < ปิดหน้าต่าง
LEADER : 00000nam 2200000uu 4500
001    13399115311
003     ULIB
008    120810s2553||||th 000 0 tha d
020    9789741343546
090    ^aนว.^bร147ส
100 0  ^aร่มแก้ว
245 00 ^a365 วันแห่งรัก /^cร่มแก้ว
260    ^aกรุงเทพฯ:^cพิมพ์คำ,^c2553
300    ^a318 หน้า
945    ^p180^l0^i032312
995    ^aเกษร
999 ^a วิภา
รายการนี้ยังไม่มีแท็ก
คุณยังไม่ได้ล็อกอิน คุณสามารถมีกิจกรรมร่วมกับเว็บไซต์ได้ แต่ต้องล็อกอินก่อน ::
  ล็อกอิน

รายการสื่อสารสนเทศ

ลำดับที่ ประเภท เลขเรียก/บาร์โค้ด สถานที่ สถานะ
- ไม่พบข้อมูล -

รายการใกล้เคียง
    ผู้แต่ง [ร่มแก้ว]

BibComment


ยังไม่เคยถูกคอมเมนท์

คอมเมนท์ทรัพยากรรายการนี้
  คอมเมนท์: 365 วันแห่งรัก ..


 Copyright 2026. Bcnsprnw @Library